| 000 | 00598cas a2200193 4500 | ||
|---|---|---|---|
| 022 | 0 | _a0250-6505 | |
| 040 | _cDLC | ||
| 082 | 0 | _a338 UNI 2013 A065 Or. | |
| 245 | 0 | 0 | _aRegional development dialogue. |
| 246 | 1 | 3 | _aRDD |
| 260 |
_aNagoya, Japan, _bUnited Nations Centre for Regional Development. |
||
| 300 |
_av. _bill. _c26 cm. |
||
| 500 | _a"An international journal focusing on third world development problems." | ||
| 650 | 0 | _aRegional planning | |
| 650 | 0 | _aRegional planning | |
| 650 | 1 | 7 | _aOntwikkelingseconomie. |
| 710 | 2 | _aUnited Nations Centre for Regional Development. | |
| 942 | _cEK | ||
| 999 |
_c14209 _d14209 |
||